Current trends and future developments on (bio- )membranes : photocatalytic membranes and photocatalytic membrane reactors /

Current Trends and Future Developments on (Bio- ) Membranes: Photocatalytic Membranes and Photocatalytic Membrane Reactors offers a comprehensive review on the state-of-the-art in the area of PMs and PMRs. The book gives an overview of the basis of photocatalysis and membrane separation and the basi...

Full description

Bibliographic Details
Corporate Author: ScienceDirect (Online service)
Other Authors: Basile, Angelo (Angelo Bruno) (Editor), Mozia, Sylwia (Editor), Molinari, Raffaele (Editor)
Format: eBook
Language:English
Published: Amsterdam : Elsevier, [2018]
Subjects:
Online Access:Connect to the full text of this electronic book

MARC

Tag First Indicator Second Indicator Subfields
LEADER 00000cam a2200000 i 4500
001 in00005763321
005 20260327153422.1
006 m o d
007 cr cnu|||unuuu
008 180621s2018 ne a ob 001 0 eng d
040 |a N$T  |b eng  |e rda  |e pn  |c N$T  |d N$T  |d OPELS  |d EBLCP  |d MERER  |d OCLCF  |d OCLCQ  |d OTZ  |d NLE  |d UKMGB  |d U3W  |d LVT  |d D6H  |d LQU  |d OCLCQ  |d UKAHL  |d OCLCQ  |d S2H  |d OCLCO  |d OCLCQ  |d OCLCO  |d K6U  |d OCLCQ  |d SFB  |d OCLCQ  |d OCLCO  |d OCLCL  |d SXB  |d OCLCQ  |d OCLCL 
015 |a GBB8C2373  |2 bnb 
016 7 |a 018919917  |2 Uk 
019 |a 1105193538  |a 1105573915  |a 1229749098 
020 |a 9780128135501  |q (electronic bk.) 
020 |a 0128135506  |q (electronic bk.) 
020 |a 0128135492 
020 |a 9780128135495 
020 |z 9780128135495 
035 |a (OCoLC)1041152767  |z (OCoLC)1105193538  |z (OCoLC)1105573915  |z (OCoLC)1229749098 
037 |a 9780128135501  |b Ingram Content Group 
050 4 |a TP248.25.M45 
072 7 |a SCI  |x 013060  |2 bisacsh 
072 7 |a TEC  |x 009010  |2 bisacsh 
082 0 4 |a 660/.2832  |2 23 
049 |a TXAM 
245 0 0 |a Current trends and future developments on (bio- )membranes :  |b photocatalytic membranes and photocatalytic membrane reactors /  |c edited by Angelo Basile, Sylwia Mozia, Raffaele Molinari. 
264 1 |a Amsterdam :  |b Elsevier,  |c [2018] 
264 4 |c ©2018 
300 |a 1 online resource :  |b illustrations (some color) 
336 |a text  |b txt  |2 rdacontent 
337 |a computer  |b c  |2 rdamedia 
338 |a online resource  |b cr  |2 rdacarrier 
588 0 |a Online resource; title from PDF title page (EBSCO, viewed June 25, 2018). 
504 |a Includes bibliographical references and index. 
520 |a Current Trends and Future Developments on (Bio- ) Membranes: Photocatalytic Membranes and Photocatalytic Membrane Reactors offers a comprehensive review on the state-of-the-art in the area of PMs and PMRs. The book gives an overview of the basis of photocatalysis and membrane separation and the basic aspects of photocatalytic membranes and photocatalytic membrane reactors, along with their applications, modeling, and the economic aspects of PMs and PMRs. The book addresses the main issues associated with PMRs design and tries to predict how long it will be before laboratory scale models can be scaled to the PMR industry. Reviews new hybrid separation techniques based on photocatalysis and membranesOffers a detailed description of the various photocatalytic membrane reactors and their functionIncludes new membrane based separation techniques for the removal of emerging contaminants from water, such as pharmaceutical and personal care productsDiscusses numerous reactor configurations and various membrane materials for photocatalytic membranesIncludes the modeling and economic aspects of various processes 
505 0 |a Front Cover; Current Trends and Future Developments on (Bio- ) Membranes; Current Trends and Future Developments on (Bio- ) Membranes: Photocatalytic Membranes and Photocatalytic Membrane Reactors; Copyright; Contents; List of Contributors; Preface; 1 -- Heterogeneous Photocatalysis: A Promising Advanced Oxidation Process; 1.1 Introduction; 1.2 Fundamentals and Mechanisms of TiO2 Photocatalysis; 1.2.1 Conductors, Insulators, and Semiconductors; 1.2.2 Properties of Semiconductor Materials; 1.2.3 Photocatalytic Processes; 1.3 Visible Light Activity of Modified TiO2 
505 8 |a 1.4 Photocatalytic Syntheses Versus Photodegradations1.5 Operational Parameters; 1.5.1 pH; 1.5.2 Oxygen Concentration; 1.5.3 Temperature Dependence; 1.6 Photocatalytic Reactor Modeling; 1.6.1 Kinetics of Photocatalytic Processes; 1.6.2 Coupling Photocatalysis With Other Advanced Oxidation Processes; 1.6.3 TiO2/H2O2 Photocatalysis; 1.6.4 TiO2/S2O82− Photocatalysis; 1.6.5 TiO2/O3 Photocatalysis; 1.7 Conclusions and Future Trends; List of Acronyms and Symbols; References; 2 -- Membranes and Membrane Processes: Fundamentals; 2.1 Introduction; 2.2 History of Membrane Technology 
505 8 |a 2.3 Classification of Membranes2.3.1 Membrane Materials; 2.3.2 Membrane Geometry; 2.3.3 Membrane Morphology; 2.4 Fabrication of Polymeric Membranes; 2.5 Membrane Operations; 2.5.1 Examples of Pressure-Driven Membrane Operations; 2.5.1.1 Microfiltration; 2.5.1.2 Ultrafiltration; 2.5.1.3 Nanofiltration; 2.5.1.4 Reverse Osmosis; 2.5.2 Examples of Concentration-Driven Membrane Operations; 2.5.2.1 Forward Osmosis; 2.5.3 Examples of Partial Pressure-Driven Membrane Operations; 2.5.3.1 Gas Separation; 2.5.3.2 Membrane Distillation; 2.6 Fouling Issues; 2.7 Conclusions and Future Trends 
505 8 |a List of SymbolsList of Abbreviations; Acknowledgments; References; 3 -- Materials and Design of Photocatalytic Membranes; 3.1 Introduction; 3.2 Design of Photocatalytic Membrane; 3.2.1 Substrate of Photocatalytic Membrane; 3.2.2 Fabrication of Photocatalytic Membranes; 3.2.2.1 Dip Coating; 3.2.2.2 Spin Coating; 3.2.2.3 Electrospraying and Electrospinning; 3.2.2.4 Vacuum Filtration; 3.2.2.5 Immersion Precipitation; 3.2.3 Types of Photocatalysts Coupled With Membranes; 3.2.3.1 TiO2-Based Photocatalytic Membrane; 3.2.3.1.1 Morphology Effects of TiO2 on Photocatalytic Membrane 
505 8 |a 3.2.3.1.2 TiO2 Modification3.2.3.2 Non-TiO2 Photocatalytic Membrane; 3.3 Conclusions and Future Trends; List of Abbreviations; References; Further Reading; 4 -- PMRs Utilizing Pressure-Driven Membrane Techniques; 4.1 Introduction: General Overview of Photocatalytic Membrane Reactors Utilizing Pressure-Driven Membrane Techniques; 4.2 Membrane Fouling in Photocatalytic Membrane Reactors; 4.3 Stability of Membranes in Photocatalytic Membrane Reactors; 4.4 Operating Variables Influencing Permeate Quality in Photocatalytic Membrane Reactors 
650 0 |a Membrane reactors. 
650 0 |a Photocatalysis. 
650 6 |a Réacteurs à membrane. 
650 6 |a Photocatalyse. 
650 7 |a SCIENCE  |x Chemistry  |x Industrial & Technical.  |2 bisacsh 
650 7 |a TECHNOLOGY & ENGINEERING  |x Chemical & Biochemical.  |2 bisacsh 
650 7 |a Membrane reactors  |2 fast 
650 7 |a Photocatalysis  |2 fast 
655 7 |a Electronic books.  |2 local 
700 1 |a Basile, Angelo  |q (Angelo Bruno),  |e editor.  |1 https://id.oclc.org/worldcat/entity/E39PCjqHfkBb9mCC8fHJtpWwwd 
700 1 |a Mozia, Sylwia,  |e editor. 
700 1 |a Molinari, Raffaele,  |e editor. 
710 2 |a ScienceDirect (Online service) 
758 |i has work:  |a Current trends and future developments on (bio- )membranes (Text)  |1 https://id.oclc.org/worldcat/entity/E39PCGccvYQFvYcvHVPgM4GFgC  |4 https://id.oclc.org/worldcat/ontology/hasWork 
856 4 0 |u http://proxy.library.tamu.edu/login?url=https://www.sciencedirect.com/science/book/9780128135495  |z Connect to the full text of this electronic book  |t 0 
955 |a Elsevier ScienceDirect 2026-2027 
994 |a 92  |b TXA 
999 f f |i 02d9a805-c274-451a-a0ec-cb833ed07613  |s 981884b6-ea04-465a-be56-2d047da921f8  |t 0 
952 f f |a Texas A&M University  |b College Station  |c Electronic Resources  |s www_evans  |d Available Online  |t 0  |e TP248.25.M45   |h Library of Congress classification 
998 f f |a TP248.25.M45   |t 0  |l Available Online